000 00359nam a2200097Ia 4500
008 220204s9999 xx 000 0 und d
082 _aNR:62(083.74)AST1997
_bANN 9.02
245 0 _a1997 annual book of ASTM standards V 9.02 : Rubber products, industrial specifications and related test methods; gaskets; tires
260 _aPhiladelphia
_bASTM
_c1997
942 _cBK
999 _c41334
_d41334